000 00776nam a22002057a 4500
999 _c17356
_d17356
003 AR-CdUCM
008 190508b ||||| |||| 00| 0 spa d
040 _aMUNICIPALIDAD PROVINCIAL DEL CUSCO
_cBIBLIOTECA MUNICIPAL DEL CUSCO
082 _a230 /
_bR16
100 _aRafael, Florencio G.
_937327
245 _aEl magisterio :
_bmisión sacerdotal y divina /
260 _aBogotá :
_bLib. Stella,
_c1953.
300 _a128 páginas ;
_c17 cm.
505 _aContenido: El mensaje lasallista -- Preside el magisterio católico -- Horizonte y luz -- Miedo, ignorancia o vergüenza -- Visión divina -- Sangre y amor ...
650 _aReligión católica
_926814
650 _aMagisterio
_92047
650 _aEducación
_9460
942 _2ddc
_cLIBROS
945 _aacv
_d2019-05-08